| 000 | 01287nam a2200325 i 4500 | ||
|---|---|---|---|
| 001 | 000007203 | ||
| 003 | DO-SdBNP | ||
| 005 | 20260310111852.0 | ||
| 007 | ta | ||
| 008 | 090907s1981 dr 000 0 spa d | ||
| 040 |
_aDO-SdBNP _bspa _cBNPHU _erda |
||
| 041 | _aspa | ||
| 082 | 4 |
_a467.0903 _bG643i _222 |
|
| 100 | 1 |
_aGonzález, Antonio _eautor _4aut. _919988 |
|
| 245 | 1 | 0 |
_aInforme de la investigación del léxico básico de la lengua escrita en República Dominicana y diccionario de uso, frecuencia y dispersión / _cAntonio González, Santiago Cabanes, Francisco García. |
| 246 | 1 | 4 | _aLéxico básico de la lengua escrita en la República Dominicana. |
| 246 | 1 | 3 | _aDiccionario de uso, frecuencia y dispersión |
| 264 |
_aSanto Domingo, República Domicana : _bUniversidad Nacional Pedro Henríquez Ureña, _c1981. |
||
| 300 |
_a374 páginas ; _c20 cm. |
||
| 336 |
_atexto _btxt _2rdacontent |
||
| 337 |
_asin mediación _bn _2rdamedia |
||
| 338 |
_avolumen _bnc _2rdacarrier |
||
| 590 | _aInventariado, 2018/LP | ||
| 650 | 4 |
_aEspañol _xLexicología _919989 |
|
| 650 | 4 |
_aEspañol _xGlosarios, vocabularios, etc. _919990 |
|
| 700 | 1 |
_aCabanes, Santiago _919991 |
|
| 700 | 1 |
_aGarcía, Francisco _919992 |
|
| 910 | _aValidado. Control de calidad. MMOLINA | ||
| 942 |
_2ddc _cLBS1 |
||
| 999 |
_c6984 _d6984 |
||